Guidebook in research writing : preparing the nursing thesis proposal / (Record no. 864)

MARC details
000 -LEADER
fixed length control field 00694nam a2200217 4500
003 - CONTROL NUMBER IDENTIFIER
control field OSt
005 - DATE AND TIME OF LATEST TRANSACTION
control field 20240619020119.0
008 - FIXED-LENGTH DATA ELEMENTS--GENERAL INFORMATION
fixed length control field 240619b |||||||| |||| 00| 0 eng d
020 ## - INTERNATIONAL STANDARD BOOK NUMBER
International Standard Book Number 9789715849227
040 ## - CATALOGING SOURCE
Original cataloging agency DWCL-HMN lib.
Transcribing agency OC
082 ## - DEWEY DECIMAL CLASSIFICATION NUMBER
Classification number Circ. 610.73 C933q 2009
006 - FIXED-LENGTH DATA ELEMENTS--ADDITIONAL MATERIAL CHARACTERISTICS
fixed length control field a
100 ## - MAIN ENTRY--PERSONAL NAME
Personal name Cristobal, Maura Consolacion De la Cruz
245 ## - TITLE STATEMENT
Title Guidebook in research writing : preparing the nursing thesis proposal /
260 ## - PUBLICATION, DISTRIBUTION, ETC.
Place of publication, distribution, etc. Quezon City :
Name of publisher, distributor, etc. C & e pub. , Inc. ,
Date of publication, distribution, etc. c2009.
300 ## - PHYSICAL DESCRIPTION
Extent vii,
Other physical details 159p. :
Dimensions 26cm.
504 ## - BIBLIOGRAPHY, ETC. NOTE
Bibliography, etc. note Includes bibliographical references.<br/>
650 ## - SUBJECT ADDED ENTRY--TOPICAL TERM
Topical term or geographic name entry element 1. Nursing-Research-Guidebooks.
650 ## - SUBJECT ADDED ENTRY--TOPICAL TERM
Topical term or geographic name entry element 2. Nursing–Research.
942 ## - ADDED ENTRY ELEMENTS (KOHA)
Source of classification or shelving scheme Dewey Decimal Classification
Suppress in OPAC No
Koha item type Book Circulation
Call number prefix Circ.
Holdings
Withdrawn status Lost status Source of classification or shelving scheme Damaged status Not for loan Home library Current library Date acquired Source of acquisition Cost, normal purchase price Total Checkouts Full call number Barcode Date last seen Copy number Price effective from Koha item type Uniform Resource Identifier
    Dewey Decimal Classification     College Library College Library 11/05/2012 School Fund     Circ. 610.73 C933q 2009 49700 06/19/2024 c2 06/19/2024 Book Circulation
    Dewey Decimal Classification     HM & Nursing Library HM & Nursing Library 08/10/2010 School Fund 278.00   Circ. 610.73 C933q 2009 47668 06/19/2024 c1 06/19/2024 Book Circulation
    Dewey Decimal Classification     HM & Nursing Library HM & Nursing Library 11/05/2012 School Fund     Circ. 610.73 C933q 2009 49701 06/19/2024 c3 06/19/2024 Book Circulation